| 000 | 00498nam a2200181 a 4500 | ||
|---|---|---|---|
| 001 | 34578 | ||
| 005 | 20180714002727.0 | ||
| 008 | 140415s1972 000 0 spa d | ||
| 041 | _aspa | ||
| 082 |
_a332.49 _bMOR |
||
| 100 | 1 | _aMORGAN, E. VICTOR | |
| 245 | 1 | 0 | _aHISTORIA DEL DINERO |
| 260 |
_a[s.l.] : _bISTMO, _c1972 |
||
| 300 | _a457 | ||
| 490 |
_aLIBRO DE BOLSILLO ISTMO, COL. FUNDAMENTOS _v29 |
||
| 650 | 1 | 4 |
_aDINERO _xHISTORIA _xECONOMIA |
| 700 | 1 |
_aSANCHEZ, MARGARITA _etr. |
|
| 999 |
_c34578 _d34578 |
||